000 00910nam a22002057a 4500
999 _c62876
_d62876
003 Ge_BSU
005 20250314103749.0
008 250314s1997 ge ||||| |||| 00| 0 geo d
041 _ageo
080 _a616.89(075.8) ვ-39
100 _aვერულაშვილი, ი.
_96538
245 _aკლინიკური ნევროლოგია :
_bსახელმძღვ. (ზოგადი ნაწილი) /
_cი. ვერულაშვილი, ნ. ნინუა, რ. სიგუა.
264 _aთბ. :
_bტრად. მედიცინა,
_c1997.
300 _a296 გვ. ;
_b20 სმ.
653 _aკლინიკური ნევროლოგია
653 _aმედიცინა
700 _aნინუა, ნ.,
_e ავტორი
_9402
700 _aსიგუა, რ.
_eავტორი
_922388
942 _2udc
_cᲬᲘᲒᲜᲘ